000 00868nam a2200265Ia 4500
003 OSt
005 20220925185304.0
006 a|||||r|||| 00| 0
007 ta
008 220923b |||||||| |||| 00| 0 eng d
020 _a9780444518736
_c4550.99
037 _b24169, 09/10/2007, Segment Book Distrobutors
_cGeneral Book
040 _aRTL
_cRTL
_beng
041 _2eng
_aeng
082 _aX9(J), P7/TD
100 _aEvenson Robert Ed.
_9233772
245 0 _aHANDBOOK OF agricultural economics.Vol 3
260 _aAmsterdam
_bElsevier
_c2007
300 _axxiv, 2253-3031
_ccm.
500 _aBibliography Chapterwise
650 _aEconomics
700 _a Pingali Prabhu
_9233773
942 _hX9(J), P7/TD
_cGB
_2CC
999 _c510422
_d510422